ბათუმის შოთა რუსთაველის სახელმწიფო უნივერსიტეტის ბიბლიოთეკა

ჩანაწერი Personal Name

ჩანაწერთა რაოდენობა, რომელიც გამოყენებულია: 5

001 - CONTROL NUMBER

  • control field: 17888

003 - CONTROL NUMBER IDENTIFIER

  • control field: GE_BSU

005 - DATE AND TIME OF LATEST TRANSACTION

  • control field: 20230501154904.0

008 - FIXED-LENGTH DATA ELEMENTS

  • fixed length control field: 230501|| aca||aabn | a|a d

040 ## - CATALOGING SOURCE

  • Original cataloging agency: GE_BSU
  • Transcribing agency: GE_BSU

100 ## - HEADING--PERSONAL NAME

  • Personal name: ყაუხჩიშვილი, თინათინ

670 ## - SOURCE DATA FOUND

  • Source citation: Work cat.: (GE_BSU)51144: ყაუხჩიშვილი, თინათინ, საქართველოს ბერძნული წარწერების კორპუსი = Korpus der griechischen Inschriften in Georgien /